000 00640nam a22001457a 4500
020 _a9789382618548
082 _a823
_bAMI/O
100 _aAMISH
245 _aTHE OATH OF THE VAYUPUTRAS
_bSHIVA TRIOLOGY 3
260 _aCHENNAI
_bWESTLAND IND
_c2013
300 _a575
520 _aThe book was released on 27 February 2013, through Westland Press and completes the mythical story about an imaginary land Meluha and how its inhabitants were saved by a barbarian named Shiva. Starting from where the previous installment left off, Shiva discovers what is the true evil in The Oath of the Vayuputras.
650 _aNOVEL
_zINDIA
942 _cBK
999 _c2532
_d2532